<?xml version="1.0" encoding="UTF-8"?>
<record
    xmlns:xsi="http://www.w3.org/2001/XMLSchema-instance"
    xsi:schemaLocation="http://www.loc.gov/MARC21/slim http://www.loc.gov/standards/marcxml/schema/MARC21slim.xsd"
    xmlns="http://www.loc.gov/MARC21/slim">

  <leader>01117cam a22002411  4500</leader>
  <controlfield tag="001">gs 31000270 </controlfield>
  <controlfield tag="003">DLC</controlfield>
  <controlfield tag="005">20260227111336.0</controlfield>
  <controlfield tag="008">780818s1930    wiuab        s000 0 eng c</controlfield>
  <datafield tag="010" ind1=" " ind2=" ">
    <subfield code="a">gs 31000270 </subfield>
  </datafield>
  <datafield tag="035" ind1=" " ind2=" ">
    <subfield code="a">(OCoLC)4152223</subfield>
  </datafield>
  <datafield tag="040" ind1=" " ind2=" ">
    <subfield code="a">U.S. Geol. Survey. Library</subfield>
    <subfield code="c">AzU</subfield>
    <subfield code="d">DLC</subfield>
  </datafield>
  <datafield tag="042" ind1=" " ind2=" ">
    <subfield code="a">premarc</subfield>
  </datafield>
  <datafield tag="050" ind1="0" ind2="0">
    <subfield code="a">QE179</subfield>
    <subfield code="b">.A2 no. 53c</subfield>
  </datafield>
  <datafield tag="100" ind1="1" ind2=" ">
    <subfield code="a">Whitson, A. R.</subfield>
    <subfield code="q">(Andrew R.),</subfield>
    <subfield code="d">1870-1945.</subfield>
  </datafield>
  <datafield tag="245" ind1="1" ind2="0">
    <subfield code="a">Soil survey of Green county,</subfield>
    <subfield code="c">by A. R. Whitson, T. J. Dunnewald, M. J. Edwards, Walter Vosquil and Kenneth Whitson of the Wisconsin Geological and natural history survey, and A. C. Anderson and F. J. O'Connell of the U. S. Bureau of chemistry and soils.</subfield>
  </datafield>
  <datafield tag="260" ind1=" " ind2=" ">
    <subfield code="a">[Madison]</subfield>
    <subfield code="b">The state,</subfield>
    <subfield code="c">1930.</subfield>
  </datafield>
  <datafield tag="300" ind1=" " ind2=" ">
    <subfield code="a">82 p.</subfield>
    <subfield code="b">incl. illus., tables. fold. col. map.</subfield>
    <subfield code="c">23 cm.</subfield>
  </datafield>
  <datafield tag="490" ind1="1" ind2=" ">
    <subfield code="a">Wisconsin. Geological and Natural History Survey. Bulletin</subfield>
    <subfield code="v">no. 53c.</subfield>
    <subfield code="a">Soil series,</subfield>
    <subfield code="v">no. 22</subfield>
  </datafield>
  <datafield tag="500" ind1=" " ind2=" ">
    <subfield code="a">Soil survey in cooperation with the College of Agriculture.</subfield>
  </datafield>
  <datafield tag="650" ind1=" " ind2="0">
    <subfield code="a">Soil surveys</subfield>
    <subfield code="z">Wisconsin</subfield>
    <subfield code="z">Green County.</subfield>
  </datafield>
  <datafield tag="810" ind1="2" ind2=" ">
    <subfield code="a">Wisconsin Geological and Natural History Survey.</subfield>
    <subfield code="t">Bulletin ;</subfield>
    <subfield code="v">no. 53-C.</subfield>
  </datafield>
  <datafield tag="999" ind1=" " ind2=" ">
    <subfield code="c">26918</subfield>
    <subfield code="d">26918</subfield>
  </datafield>
</record>
